000 00334nam a2200157Ia 4500
100 _aShanley/Tom/ Anderson Don
250 _a3
942 _cBK
654 _acomputer
245 _aPCI Systems Architecture
260 _bAddison Wesly
_aMumbai
_c1995
082 _a4.62
_bSHA
300 _a555
546 _aENGLISH
999 _c35471
_d35471